00841nam a2200217Ia 4500008004100000020001500041082001300056100001300069245003800082250000800120260003100128300001300159500002400172650001400196700003200210942000700242952012700249952012700376952010300503999001700606230524s9999 xx 000 0 und d a8188646652 a546bPUR aB.R.Puri 0aPrinciples of Inorganic Chemistry aIST aNEW DELHIbMilestonec2008 aXIX;1129 aQuantity Number: 3 aChemistry a"L.R.Sharma , K.C.Kalia,,," cBK 00104070aTATCLbTATCLcGENd2023-05-24l1o546 PURp26894q2012-09-06r2024-01-25s2024-01-25w2023-05-24yBKzBSCC2204 00104070aTATCLbTATCLcGENd2023-05-24l1o546 PURp26895q2023-04-11r2024-01-25s2024-01-25w2023-05-24yBKzBSCC2204 00104070aTATCLbTATCLcGENd2023-05-24l0o546 PURp26896r2023-05-24w2023-05-24yBKzBSCC2204 c40972d40972